000 00498nam a2200205Ia 4500
005 20241216010817.0
008 190212s9999||||xx |||||||||||||| ||und||
082 _a220
_bN12
100 _aNACAR FUSTER ELOINO
245 0 _aSAGRADA BIBLIA
250 _a0
260 _aESPAÑA
_bCATOLICA S.A.
_c1964
300 _a1311 pag
_c22 cm
341 _h0
490 _v0
_a0
505 _aANTIGUO TESTAMENTO-NUEVO TESTAMENTO
541 _aC
_d02-Oct-99
_oSoles
650 _aRELIGION
942 _cLIBRO
999 _c24680
_d24680